| 000 | 00832nam a2200241 a 4500 | ||
|---|---|---|---|
| 001 | 69050 | ||
| 003 | BD-RjUL | ||
| 005 | 20211209081838.0 | ||
| 008 | 170409r19661951enk b 000 p eng d | ||
| 035 | _a(BD-RjUL)69261 | ||
| 040 |
_aBD-RjUL _beng _cBD-RjUL |
||
| 041 | _aeng | ||
| 082 |
_223 _a590 _bGAL 1966 |
||
| 100 | 1 |
_aGarstang, Walter, _d1868-1949. _9204563 |
|
| 245 | 1 | 0 |
_aLarval forms : _bwith other zoological verses / _cby the late Walter Garstang ; with an introduction by Sir Alister Hardy. |
| 260 |
_aOxford : _bBasil Blackwell, _cc1951 [reprinted 1966]. |
||
| 300 |
_a76 p. ; _c19 cm. |
||
| 504 | _a"A list of Walter Garstang's other publications": p. 77-84. | ||
| 650 | 0 |
_aZoology _xMiscellanea. _9204564 |
|
| 650 | 0 |
_aZoology _xPoetry. _9204565 |
|
| 700 | 1 |
_aHardy, Alister Clavering, _cSir. _9204566 |
|
| 942 |
_2ddc _cBK |
||
| 999 |
_c69050 _d69050 |
||